[Event "CP-2009-S-00004"]
[Site "LSS email"]
[Date "2012.05.08"]
[Round "?"]
[White "Demidovich, Nicolay"]
[Black "Mamonov, Petr"]
[Result "1/2-1/2"]
[WhiteElo "1726"]
[BlackElo "2265"]
[PlyCount "64"]
[EventDate "2012.05.11"]
[EventType "tourn (corr)"]
[EventRounds "6"]
[EventCountry "GER"]
[SourceTitle "Telechess CBM 161"]
[Source "ChessBase"]
[SourceDate "2014.07.16"]
[SourceVersion "1"]
[SourceVersionDate "2014.07.16"]
[SourceQuality "1"]

1. e4 c5 2. Nf3 d6 3. d4 cxd4 4. Nxd4 Nf6 5. f3 e5 6. Nb3 Be6 7. c4 Be7 8. Nc3 a5 9. Be3 0-0 10. Be2 Nc6 11. 0-0 Nd7 12. Rb1 h6 13. Qd2 a4 14. Na1 Nd4 15. Nc2 Nxe2+ 16. Qxe2 Qa5 17. Nd5 Bxd5 18. cxd5 f5 19. exf5 Rxf5 20. Qd3 Rf7 21. Na3 Bd8 22. Nc4 Qa6 23. b4 axb3 24. Qxb3 Nf6 25. a4 Rd7 26. a5 Rc8 27. Nb6 Bxb6 28. Bxb6 g5 29. Rfc1 Rxc1+ 30. Rxc1 Qe2 31. Rc8+ Kg7 32. h3 Qe1+ 1/2-1/2

[Event "CP-2009-S-00004"]
[Site "LSS email"]
[Date "2012.05.08"]
[Round "?"]
[White "Dvoinikov, Andrey Nikolaevich"]
[Black "Demidovich, Nicolay"]
[Result "1-0"]
[WhiteElo "2484"]
[BlackElo "1726"]
[PlyCount "85"]
[EventDate "2012.05.11"]
[EventType "tourn (corr)"]
[EventRounds "6"]
[EventCountry "GER"]
[SourceTitle "Telechess CBM 161"]
[Source "ChessBase"]
[SourceDate "2014.07.16"]
[SourceVersion "1"]
[SourceVersionDate "2014.07.16"]
[SourceQuality "1"]

1. e4 e5 2. Nf3 Nc6 3. Bb5 a6 4. Ba4 Nf6 5. 0-0 Be7 6. Re1 b5 7. Bb3 0-0 8. c3 d6 9. h3 Nb8 10. d4 Nbd7 11. Nbd2 Bb7 12. Bc2 c5 13. d5 Qc7 14. c4 Nb6 15. b3 Rfb8 16. Bd3 Bc8 17. Nf1 bxc4 18. bxc4 Bd8 19. Ng3 Rb7 20. Rb1 Bd7 21. Nh2 Rab8 22. f4 Ne8 23. Nf3 g6 24. Qc2 Ba4 25. Qf2 f6 26. f5 g5 27. Bd2 Qg7 28. Nf1 h5 29. g3 Kf8 30. Ne3 Nc7 31. Rec1 Be8 32. Rb3 Nca8 33. Ra3 Na4 34. Bc2 N8b6 35. Rb1 Kg8 36. Ba5 Kh8 37. Kg2 Bc7 38. Qe2 Qe7 39. Be1 Bd8 40. Nd2 Bc7 41. Qd1 Qd7 42. Ra1 Kg8 43. Nb3 1-0

[Event "CP-2009-Q-00004"]
[Site "LSS email"]
[Date "2011.02.03"]
[Round "?"]
[White "Demidovich, Nicolay"]
[Black "Carroll, Patrick J"]
[Result "1/2-1/2"]
[WhiteElo "1676"]
[BlackElo "2165"]
[PlyCount "90"]
[EventDate "2011.02.05"]
[EventType "tourn (corr)"]
[EventRounds "8"]
[EventCountry "GER"]
[SourceTitle "Telechess CBM 155"]
[Source "ChessBase"]
[SourceDate "2013.07.16"]
[SourceVersion "1"]
[SourceVersionDate "2013.07.16"]
[SourceQuality "1"]

1. e4 c5 2. Nf3 d6 3. d4 cxd4 4. Nxd4 Nf6 5. Nc3 a6 6. Be3 Ng4 7. Bg5 h6 8. Bh4 g5 9. Bg3 Bg7 10. h3 Ne5 11. Nf5 Bxf5 12. exf5 Nbc6 13. Nd5 0-0 14. Be2 e6 15. Ne3 d5 16. fxe6 fxe6 17. 0-0 Ng6 18. c3 Nf4 19. Bxf4 Rxf4 20. Qc2 Qe8 21. Rae1 Rd8 22. Ng4 b5 23. Bd3 e5 24. f3 Qe6 25. Qe2 h5 26. Nf2 Na5 27. b3 Nc6 28. Bb1 Qh6 29. Rd1 Rff8 30. a3 Kh8 31. Kh1 e4 32. fxe4 d4 33. cxd4 Nxd4 34. Qe1 Qf6 35. e5 Qxe5 36. Ne4 Rf4 37. Qa5 Rdf8 38. Rxf4 Qxf4 39. Qxa6 Nf5 40. Qg6 Be5 41. Qxh5+ Kg8 42. Qxg5+ Qxg5 43. Nxg5 Ng3+ 44. Kg1 Ne2+ 45. Kh1 Ng3+ 1/2-1/2

[Event "LSS WC-2014-P-00014"]
[Site "LSS email"]
[Date "2010.02.18"]
[Round "?"]
[White "Moskalenko, Eduard"]
[Black "Demidovich, Nicolay"]
[Result "1/2-1/2"]
[WhiteElo "1881"]
[BlackElo "1588"]
[PlyCount "84"]
[EventDate "2010.02.24"]
[EventType "tourn (corr)"]
[EventRounds "6"]
[EventCountry "GER"]
[SourceTitle "Telechess CBM 141"]
[Source "ChessBase"]
[SourceDate "2011.03.17"]
[SourceVersion "1"]
[SourceVersionDate "2011.03.17"]
[SourceQuality "1"]

1. e4 e5 2. Nf3 Nc6 3. Bb5 a6 4. Ba4 Nf6 5. 0-0 Be7 6. Re1 b5 7. Bb3 d6 8. c3 0-0 9. h3 Nb8 10. a4 Bb7 11. d3 c5 12. axb5 axb5 13. Rxa8 Bxa8 14. Na3 Qb6 15. Nh4 g6 16. Bh6 Rc8 17. Nf3 Bf8 18. Be3 Nbd7 19. Qa1 d5 20. Qa2 b4 21. Nb1 Qd6 22. cxb4 Bb7 23. Rc1 Ra8 24. bxc5 Rxa2 25. cxd6 Rxb2 26. Nbd2 Bxd6 27. Bxd5 Bxd5 28. exd5 Rb5 29. Bh6 Rc5 30. Ne4 Rxc1+ 31. Bxc1 Bb8 32. Nxf6+ Nxf6 33. Bb2 Nxd5 34. Bxe5 Bxe5 35. Nxe5 Nf4 36. Kh2 f6 37. Nd7 Kf7 38. Nc5 Ne2 39. g3 Nd4 40. f4 g5 41. fxg5 fxg5 42. Kg2 h6 1/2-1/2

[Event "LSS SN-2009-0-00165"]
[Site "LSS email"]
[Date "2009.06.28"]
[Round "?"]
[White "Demidovich, Nicolay"]
[Black "Lisnevsky, Alexander"]
[Result "1-0"]
[WhiteElo "1325"]
[BlackElo "770"]
[PlyCount "77"]
[EventDate "2009.06.14"]
[EventType "tourn (corr)"]
[EventRounds "6"]
[EventCountry "GER"]
[SourceTitle "Corr 2011"]
[Source "ChessBase"]
[SourceDate "2010.08.31"]
[SourceVersion "1"]
[SourceVersionDate "2010.08.31"]
[SourceQuality "1"]

1. e4 e5 2. Nf3 Nc6 3. Bb5 a6 4. Ba4 b5 5. Bb3 Bc5 6. c3 d6 7. d4 exd4 8. cxd4 Bb4+ 9. Nc3 Nf6 10. 0-0 Bxc3 11. bxc3 0-0 12. e5 dxe5 13. dxe5 Qxd1 14. Rxd1 Ng4 15. Bd5 Bd7 16. h3 Nh6 17. Be4 Be8 18. Ng5 g6 19. Ba3 b4 20. Bxb4 Nxb4 21. Bxa8 Ba4 22. Rd4 Nc2 23. Rxa4 Nxa1 24. Rxa6 Rd8 25. Ra7 c5 26. g4 Nc2 27. Be4 Ne1 28. e6 fxe6 29. Rxh7 Nf5 30. gxf5 exf5 31. Bc6 Rd1 32. Kh2 Rd6 33. Rc7 Nd3 34. a4 Nxf2 35. a5 Nd3 36. a6 Ne5 37. a7 Nxc6 38. a8Q+ Rd8 39. Qa2+ 1-0

[Event "LSS SN-2009-0-00149"]
[Site "LSS email"]
[Date "2009.04.18"]
[Round "?"]
[White "Ozdemir, Zafer Omer"]
[Black "Demidovich, Nicolay"]
[Result "0-1"]
[WhiteElo "659"]
[BlackElo "1598"]
[PlyCount "30"]
[EventDate "2009.04.07"]
[EventType "tourn (corr)"]
[EventRounds "6"]
[EventCountry "GER"]
[SourceTitle "Corr 2015"]
[Source "ChessBase"]
[SourceDate "2015.07.17"]
[SourceVersion "1"]
[SourceVersionDate "2015.07.17"]
[SourceQuality "1"]

1. e4 e5 2. Nf3 Nc6 3. Bc4 Nf6 4. Ng5 d5 5. exd5 Na5 6. Na3 Bxa3 7. bxa3 Nxc4 8. Qe2 Qxd5 9. 0-0 Bg4 10. Qe1 h6 11. Nf3 Bxf3 12. gxf3 Qxf3 13. d3 0-0-0 14. dxc4 Rd4 15. Be3 Rg4# 0-1